Problemy izuchenii︠a︡ drevneĭ istorii Udmurtii /

Bibliographic Details
Corporate Author: Udmurtskai͡a A.S.S.R. (R.S.F.S.R.). Nauchno-issledovatelʹskiĭ institut
Other Authors: Nagovit͡sin, L. A.
Format: Book
Language:Russian
Published: Izhevsk : Nauchno-issl. in-t pri Sovete Ministrov Udmurtskoĭ ASSR, 1987.
Subjects:

MARC

Tag First Indicator Second Indicator Subfields
LEADER 00000cam a2200000 a 4500
001 in00001483913
005 20151021063740.0
008 880412s1987 ru a b 000 0 ruso
010 |a  88130133  
020 |c 1.70 rub 
035 |a (OCoLC)23688883 
035 |9 AJG4785AM 
040 |a DLC  |c DLC  |d TXA  |d UtOrBLW 
043 |a e-ur-ru 
049 |a TXAM 
050 0 0 |a DK511.U16  |b P76 1987 
245 0 0 |a Problemy izuchenii︠a︡ drevneĭ istorii Udmurtii /  |c [otvetstvennyĭ redaktor L.A. Nagovit︠s︡in]. 
264 1 |a Izhevsk :  |b Nauchno-issl. in-t pri Sovete Ministrov Udmurtskoĭ ASSR,  |c 1987. 
300 |a 142 pages :  |b illustrations ;  |c 22 cm. 
336 |a text  |b txt  |2 rdacontent 
337 |a unmediated  |b n  |2 rdamedia 
338 |a volume  |b nc  |2 rdacarrier 
504 |a Includes bibliographical references. 
651 0 |a Udmurtii︠a︡ (Russia)  |x Antiquities. 
650 0 |a Excavations (Archaeology)  |z Russia (Federation)  |z Udmurtii︠a︡ (Russia) 
700 1 |a Nagovit͡sin, L. A. 
710 1 |a Udmurtskai͡a A.S.S.R. (R.S.F.S.R.).  |b Nauchno-issledovatelʹskiĭ institut. 
948 |a c:ml 
999 |a MARS 
999 f f |s 9717a989-884d-38bf-99d7-c1d2bc7adbf3  |i af318111-54a5-3fe0-b14c-62d4517f11d5  |t 0 
952 f f |p ric  |a Texas A&M University  |b Rellis Campus  |c Joint Library Facility  |d Remote Storage  |t 0  |e DK511.U16 P76 1987  |h Library of Congress classification  |i unmediated -- volume  |m A14824200768 
998 f f |a DK511.U16 P76 1987  |t 0  |l Remote Storage